| 000 | 00870cab a2200265 4500 | ||
|---|---|---|---|
| 001 | ABS59919 | ||
| 008 | 090401t1999 xxu||||| |||| 00| 0 eng d | ||
| 035 | _a(Sirsi) u91052 | ||
| 041 | _aeng | ||
| 100 | _aMinton, A. | ||
| 245 | _aSupermarket Goliaths prepare for OFT`s sling | ||
| 260 | _c1999 | ||
| 350 | _a0 | ||
| 490 |
_aEstates Gazette _v(9904) 30 Jnauary 1999, 66-67(2) |
||
| 520 | _aIn advance of the Office of Fair Trading publishing its investigation into supermarkets` profitability, this article looks at accusations that the `big four` supermarkets can manipulate the planning system for their own benefit. | ||
| 650 | _aOFT | ||
| 650 | _aOFT | ||
| 650 | _aPLANNING SYSTEM | ||
| 650 | _aRETAIL PROPERTY | ||
| 650 | _aSUPERMARKETS | ||
| 650 | _aSUPERSTORES | ||
| 690 | _aPROPERTY-COMMERCIAL PROPERTY | ||
| 942 | _n0 | ||
| 948 | _c02/02/1999 | ||
| 999 |
_c57771 _d57771 |
||